000 00421nam a22001697a 4500
003 MPLRDC
005 20220104171913.0
008 210129b ||||| |||| 00| 0 eng d
082 _a859.61 DOY c.2
100 _aSIR ARTHUR CONAN DOYLE
245 _aTHE ADVENTURES OF SERLOCK HOLMES
_c
250 _a初版
260 _a
_bAFRIE
_c1988
300 _b
650 _aCHILDREN LITERATURE
942 _cBK
_o859.61 DOY c.2
999 _c58680
_d58670